000 00826nam a2200265Ia 4500
003 OSt
005 20220918111921.0
006 a|||||r|||| 00| 0
007 ta
008 220915b |||||||| |||| 00| 0 hin d
024 _a215423
037 _cTextbook
040 _bhin
_aARTS
_cARTS
041 _ahin
082 _aO152,6N213x, K3
100 _aरघुवंश
245 0 _aसाहित्य का नया परिप्रेक्ष्य
246 _aSāhitya kā nayā pariprekṣhya
260 _c1963
490 _aज्ञानपीठ लोकोदय ग्रंथमाला
500 _aहिन्दी; 174
650 _aहिन्दी साहित्य
942 _hO152,6N213x, K3
_cTB
_2CC
999 _c117196
_d117196